India's foreign policy <the> democracy dimension : (with special reference to neighbours)

Uložené v:
Podrobná bibliografia
Hlavný autor: Muni, S. D.
Médium: Kniha
Jazyk:English
Vydavateľské údaje: New Delhi Cambridge University Press India/Foundation Books 2012
Predmet:
Tagy: Pridať tag
Žiadne tagy, Buďte prvý, kto otaguje tento záznam!

MARC

LEADER 00000nam a2200000 4500
001 0190342
005 20240314085755.5
020 |a 978-81-7596-713-7 
041 0 |a eng 
044 |a IN 
245 1 0 |a India's foreign policy  |b <the> democracy dimension : (with special reference to neighbours)  |c S. D. Muni 
264 1 |a New Delhi  |b Cambridge University Press India/Foundation Books  |c 2012 
300 |a vii, 178 s. 
610 2 0 |a politika zahraničná 
610 2 0 |a demokracia 
610 2 0 |a vzťahy hospodárske medzinárodné 
610 2 0 |a India 
100 1 |a Muni, S. D.